000 00397nam a22001577a 4500
020 _a9789382654056
082 _aM3
_bGAN/B
100 _aGangadharan T K
245 _aBarak/
_cby Gangadharan T K
260 _aKottayam:
_bSahitya Pravarthaka Sahakarana Samgham,
_c2012.
300 _a134p.
650 _aNovel Malayalam
650 _aLiterature Malayalam
650 _aLiterature
942 _cBK
999 _c63742
_d63742